Statistics for Island Countries with at Least One Border

Click here to take the quiz!

General Stats

  • This quiz has been taken 38 times
    (37 since last reset)
  • The average score is 7 of 8

Answer Stats

Bordering countries Country % Correct
Dominican RepublicHaiti
97%
MalaysiaBrunei
95%
HaitiDominican Republic
95%
United KingdomIreland
95%
IrelandUnited Kingdom
95%
IndonesiaEast Timor
92%
East Timor, Papua New Guinea, MalaysiaIndonesia
92%
IndonesiaPapua New Guinea
86%

Score Distribution

Percentile by Number Answered

Percent of People with Each Score

Your Score History

You have not taken this quiz since the last reset